| Tag |
First Indicator |
Second Indicator |
Subfields |
| LEADER |
00000cam a2200000 a 4500 |
| 001 |
in00000639721 |
| 005 |
20151015053138.0 |
| 008 |
720712m19689999gw 00010 engmd |
| 010 |
|
|
|a 68108766
|
| 020 |
|
|
|a 3487018268
|
| 035 |
|
|
|a (OCoLC)00353417
|
| 035 |
|
|
|9 ACU4267AM
|
| 040 |
|
|
|c WSU
|d OCL
|d m.c.
|d TXA
|d UtOrBLW
|
| 049 |
|
|
|a TXAM
|v 1 [918497]
|v 2 [665996]
|v 3 [665997]
|v 4 [665998]
|v 5 [665999]
|v 6 [666462]
|v 7 [1137957]
|v 8 [1138676]
|v 9 [1500764]
|
| 090 |
|
|
|a PR2892
|b .S6
|
| 100 |
1 |
|
|a Spevack, Marvin.
|
| 245 |
1 |
2 |
|a A complete and systematic concordance to the works of Shakespeare /
|c by Marvin Spevack.
|
| 264 |
|
1 |
|a Hildesheim, Germany :
|b Georg Olms,
|c 1968-
|
| 300 |
|
|
|a volumes ;
|c 30 cm.
|
| 336 |
|
|
|a text
|b txt
|2 rdacontent
|
| 337 |
|
|
|a unmediated
|b n
|2 rdamedia
|
| 338 |
|
|
|a volume
|b nc
|2 rdacarrier
|
| 505 |
0 |
|
|a v. 1. Drama and character concordances to the folio comedies -- v. 2. Drama and character concordances to the folio histories -- v. 3. Drama and character concordances to the folio tragedies -- v. 4. A concordance to the complete works "A" -- v. 5. A concordance to the complete works. Hildings-Severing -- v. 6. A concordance to the complete works. Severity-Zwagger'd and appendices -- v. 7. Concordances to stage directions and speech-prefixes -- v. 8. Concordances to "Bad" Quartos and The Taming of a Shrew and The Troublesome reign of King John -- v. 9. Substantive variants
|
| 600 |
1 |
0 |
|a Shakespeare, William,
|d 1564-1616
|v Concordances.
|
| 600 |
1 |
0 |
|a Shakespeare, William,
|d 1564-1616
|x Comedies.
|
| 700 |
1 |
|
|a Shakespeare, William,
|d 1564-1616.
|t Concordances.
|f 1968.
|
| 999 |
|
|
|a MARS
|
| 999 |
f |
f |
|s 3d8d9964-5ca7-321f-93b7-063d1188361b
|i 1dce4914-77f3-3731-86f5-79d185d54a7d
|t 0
|
| 952 |
f |
f |
|p normal
|a Texas A&M University
|b College Station
|c Sterling C. Evans Library
|d Evans: Library Stacks
|t 0
|e PR2892 .S6
|h Library of Congress classification
|i unmediated -- volume
|k v.1
|m A14803903490
|
| 952 |
f |
f |
|p normal
|a Texas A&M University
|b College Station
|c Sterling C. Evans Library
|d Evans: Library Stacks
|t 0
|e PR2892 .S6
|h Library of Congress classification
|i unmediated -- volume
|k v.9
|m A14803903571
|
| 952 |
f |
f |
|p normal
|a Texas A&M University
|b College Station
|c Sterling C. Evans Library
|d Evans: Library Stacks
|t 0
|e PR2892 .S6
|h Library of Congress classification
|i unmediated -- volume
|k v.6
|m A14803903547
|
| 952 |
f |
f |
|p normal
|a Texas A&M University
|b College Station
|c Sterling C. Evans Library
|d Evans: Library Stacks
|t 0
|e PR2892 .S6
|h Library of Congress classification
|i unmediated -- volume
|k v.7
|m A14803903555
|
| 952 |
f |
f |
|p normal
|a Texas A&M University
|b College Station
|c Sterling C. Evans Library
|d Evans: Library Stacks
|t 0
|e PR2892 .S6
|h Library of Congress classification
|i unmediated -- volume
|k v.4
|m A14803903521
|
| 952 |
f |
f |
|p normal
|a Texas A&M University
|b College Station
|c Sterling C. Evans Library
|d Evans: Library Stacks
|t 0
|e PR2892 .S6
|h Library of Congress classification
|i unmediated -- volume
|k v.8
|m A14803903563
|
| 952 |
f |
f |
|p normal
|a Texas A&M University
|b College Station
|c Sterling C. Evans Library
|d Evans: Library Stacks
|t 0
|e PR2892 .S6
|h Library of Congress classification
|i unmediated -- volume
|k v.3
|m A14803903513
|
| 952 |
f |
f |
|p normal
|a Texas A&M University
|b College Station
|c Sterling C. Evans Library
|d Evans: Library Stacks
|t 0
|e PR2892 .S6
|h Library of Congress classification
|i unmediated -- volume
|k v.5
|m A14803903539
|
| 952 |
f |
f |
|p normal
|a Texas A&M University
|b College Station
|c Sterling C. Evans Library
|d Evans: Library Stacks
|t 0
|e PR2892 .S6
|h Library of Congress classification
|i unmediated -- volume
|k v.2
|m A14803903505
|
| 998 |
f |
f |
|a PR2892 .S6
|s v.1-v.9
|t 0
|l Evans: Library Stacks
|